TV Actors Quiz Stats

 Plays Quiz Updated Dec 7, 2018

     
Support Sporcle.
Go Orange.
Score 0/16 Timer 06:00
2 Plays Today
Characters Played Actor or Actress % Correct
Alex P. Keaton, Mike Flaherty, Dr. Kevin CaseyMichael J. Fox
82.1%
Alexander Scott, Fat Albert, Heathcliff HuxtableBill Cosby
79.3%
James T. Kirk, T.J. Hooker, Denny CraneWilliam Shatner
75.1%
Tony Banta, Tony DiMeo, Tony MicelliTony Danza
61.2%
Dennis Bryson, Fox Mulder, Hank MoodyDavid Duchovny
58.5%
Lois Lane, Sidra, Susan MayerTeri Hatcher
57.6%
Murphy Brown, Enid Frick, Shirley SchmidtCandice Bergen
53.9%
David Hogan, Matthew Burton, Michael BluthJason Bateman
44.5%
Characters Played Actor or Actress % Correct
Peg Bundy, Leela, Cate Egan HennessyKatey Sagal
43.6%
Troy McClure, Captain Carl, Bill McNealPhil Hartman
32.7%
'Sammy Jo' Dean Carrington, Amanda Woodward, Caitlin MooreHeather Locklear
32.5%
Victor Sifuentes, Bobby Simone, Matthew SantosJimmy Smits
28.7%
Harry 'the Hat' Gittes, Harold T. Stone, Dave BarryHarry Anderson
26.2%
Omar Santiago, F.B.I. Asst. Director Kendall, John LockeTerry O'Quinn
18.1%
Johnny Donnelly, Malcolm 'Mal' Reynolds, Adam MayfairNathan Fillion
14%
Colleen McMurphy, Georgia Holden, Katherine MayfairDana Delany
10%

From the Vault

US History: Prohibition Era

by BeerHound

History 8m
The prohibition era was an interesting time in US history. Especially if you happened to be Al Capone.
Remove Ads.
Support Sporcle.
Get the best of Sporcle when you Go Orange. This ad-free experience offers more features, more stats, and more fun while also helping to support Sporcle. Thank you for becoming a member.

Show Comments

Extras

Top Quizzes Today


Score Distribution

Your Account Isn't Verified!

In order to create a playlist on Sporcle, you need to verify the email address you used during registration. Go to your Sporcle Settings to finish the process.

Report this User

Report this user for behavior that violates our Community Guidelines.

Details: